| 000 | 01651nam a2200505 i 4500 | ||
|---|---|---|---|
| 001 | 18604 | ||
| 003 | KOSZ 005 | ||
| 005 | 20211203113632.0 | ||
| 008 | 001214s1979 pl a f |001 0 pol | ||
| 015 | _aPB 1979/9703 | ||
| 020 | _a8301016965 | ||
| 035 | _a991015358629705066 | ||
| 035 | _a(PL-WaBN)b14124841-48omnis_nlop | ||
| 035 | _ab14124841 | ||
| 035 | _a(OCoLC)749990466 | ||
| 035 | _a(PL)b0000001412484 | ||
| 035 | _a(EXLNZ-48OMNIS_NETWORK)9910125986605606 | ||
| 040 |
_aWA N _cWA N _dKOSZ 005/EG |
||
| 041 | 0 | _apol | |
| 046 | _k1967 | ||
| 080 | _a621 | ||
| 080 | _a(075.8) | ||
| 100 | 1 |
_aChwiej, Mieczysław _eAutor |
|
| 245 | 1 | 0 |
_aMaszynoznawstwo ogólne / _cMieczysław Chwiej. |
| 250 | _aWyd. 2. | ||
| 260 |
_aWarszawa : _bPaństwowe Wydaw. Naukowe, _c1979. |
||
| 300 |
_a561, [2] s., [1] k. tabl. : _bil., tab., wykr. ; _c25 cm. |
||
| 336 |
_2rdacontent _aTekst _btxt |
||
| 337 |
_2rdamedia _aBez urządzenia pośredniczącego _bn |
||
| 338 |
_2rdacarrier _aWolumin _bnc |
||
| 380 | _aKsiążki | ||
| 380 | _aPublikacje dydaktyczne | ||
| 385 |
_mPoziom nauczania _aSzkoły wyższe |
||
| 388 | _a1901-2000 | ||
| 388 | _a1945-1989 | ||
| 504 | _aBibliogr. s. 555. - Indeks. | ||
| 521 | 8 | _aPodręcznik dla studentów akademii rolniczych. | |
| 655 | 7 |
_aPodręczniki akademickie _2DBN |
|
| 658 | _aInżynieria i technika | ||
| 650 | 7 |
_a Konstrukcja maszyn i urządzeń _2DBN |
|
| 710 | 2 | _aPaństwowe Wydawnictwo Naukowe | |
| 856 |
_uhttp://koha.tu.koszalin.pl/cgi-bin/koha/opac-detail.pl?biblionumber=18604 _yKatalog online BPK |
||
| 942 |
_2UKD _cKS |
||
| 999 |
_c18604 _d18604 |
||